| 000 | 00398nam a2200157Ia 4500 | ||
|---|---|---|---|
| 008 | 210716s2009 xx 000 0 und d | ||
| 020 | _a9788131504161 | ||
| 041 | _aeng | ||
| 082 | _a658.1599 CLAE | ||
| 100 | _aClark, Ephraim. | ||
| 245 | _aInternational finance. | ||
| 250 | _a2 | ||
| 260 |
_aNew Delhi _bCengage Learning _c2009 |
||
| 300 | _axix,665 | ||
| 650 | _aFinancial Management(658.15) | ||
| 999 |
_c205937 _d205937 |
||